000 00593nam a2200229Ia 4500
003 OSt
005 20220928141538.0
006 a|||||r|||| 00| 0
007 ta
008 220927b |||||||| |||| 00| 0 eng d
024 _a15845
037 _cTextual
040 _aSDCL
_cSDCL
_beng
041 _2eng
_aeng
082 _aX:8:(SM9), N4
100 _aHofmann Michael
_9500813
245 0 _aPsychoanalysis and management
260 _c1994
700 _a List Monika
_9500814
942 _hX:8:(SM9), N4
_cTEXL
_2CC
999 _c818220
_d818220